20 US State Borders Missing On A Map #3 - Statistics

General Stats
  • This quiz has been taken 105 times
  • The average score is 17 of 20
Answers on the Map
Answers color-coded by a green-red scale on the quiz's map according to % correct below.
 
Answer Stats
Border % Correct
Idaho-Montana
100%
Idaho-Utah
94%
Arizona-Utah
92%
Colorado-Utah
92%
Illinois-Indiana
92%
Colorado-Nebraska
91%
Nebraska-Wyoming
91%
Iowa-Nebraska
89%
Nebraska-South Dakota
89%
Indiana-Ohio
86%
Colorado-Oklahoma
84%
Indiana-Michigan
84%
Alabama-Georgia
83%
Iowa-South Dakota
83%
Indiana-Kentucky
81%
Alabama-Tennessee
77%
Kansas-Missouri
77%
Georgia-South Carolina
75%
Massachusetts-New York
72%
Massachusetts-Rhode Island
53%
No matching quizzes found
Score Distribution
Percent of People with Each Score
Percentile by Number Answered
Your Score History
You have not taken this quiz